000 00290nam a2200145Ia 4500
100 _aPalanisamy/P.K
650 _aPhysics
942 _cBK
366 _f25
245 _aApplied Physics
260 _bSci tech
_c2008
082 _a530
_bPAL
546 _aENGLISH
_cComputers
999 _c35072
_d35072